000 00511nam a2200133Ia 4500
008 170221s9999 xx 000 0 und d
100 _aChristopher Ippoliti
245 _aGoverning the Corporate Insiders: Improving Regulation Fair Disclosure With More Robust Guidance and Stronger Penalties for Individual Executives
245 _cChristopher Ippoliti
260 _c2013
300 _a7 :
650 _xBusiness
856 _uhttp://digitalcommons.pepperdine.edu/cgi/viewcontent.cgi?article=1118&context=jbel
999 _c313351
_d313351